Responses for show #6064 - Thursday, January 13, 2011

Contestants

Sarah Olson, a chemist from Saint Paul, Minnesota

Anthony Fox, an account executive from Arlington Heights, Illinois

Tom Toal, an orthopedic surgeon from Lake Oswego, Oregon (whose 1-day cash winnings total $12,200)

Jeopardy! Round responses

O GODS
ROBIN WILLIAMS MOVIES
BELOW THE BELT
TRANSPORTATION
DOUBLE "G"s
WEBSITES
    $200 7
the Aztecs

Sarah
    $200 26
Aladdin

Sarah
    $200 4
skirts

Tom
    $200 14
mules

Anthony
    $200 1
muggles

Sarah
    $200 21
Google

Sarah
    $400 8
Hercules

Sarah
    $400 27
Night at the Museum

Tom
    $400 5
shorts

Tom
    $400 15
(Anthony: What is the speed of information?)

the automobile

TomAnthony
    $400 2
reggae

Tom
    $400 22
Yahoo!

Tom
    $600 9
Voodoo

Tom
    $600 28
Flubber

Anthony
    $600 6
Oxfords

Sarah
    $600 16
(Jacques) Cousteau

Sarah
    $600 3
a nugget

Anthony
    $600 23
Facebook

Sarah
    $800 10
Shinto

Anthony
    $800 29
Mrs. Doubtfire

Anthony
    $800 17
hose

Anthony
    $800 19
a golf cart

Anthony
    $800 12
a gaggle

Tom
    $800 24
Angie's List

Tom
    $1,400 11
Odin

Anthony
    $1000 30
Old Dogs

Triple Stumper
    $1000 18
(Anthony: What are suspenders?)

cuffs

Anthony
Triple Stumper
    $1000 20
a clipper

Sarah
    $1000 13
the Guggenheim museum

Tom
    $1000 25
Yelp

Sarah

Scores at the first commercial break (after clue 15):

Tom Anthony Sarah
$3,800 $2,600 $1,400

Scores at the end of the Jeopardy! Round:

Tom Anthony Sarah
$5,400 $4,600 $5,000

Double Jeopardy! Round responses

WEST POINT ALUMNI
WHAT'S ON YOUR iPOD?
BLUE BOOKS
CITIES' LEADING NEWSPAPERS
FROM THE GREEK
WEB SITES
    $400 15
Douglas MacArthur

Anthony
    $400 4
Miles Davis

Tom
    $400 8
Violets are Blue

Sarah
    $400 16
The Chronicle

Anthony
    $400 2
a phobia

Anthony
    $400 24
the Black Widow

Anthony
    $800 19
(David) Petraeus

Anthony
    $800 5
Robert Plant

Anthony
    $800 9
Island of the Blue Dolphins

Sarah
    $800 14
The Plain Dealer

Tom
    $800 3
dermatitis

Tom
    $800 25
the brown recluse

Anthony
    $1200 21
(Robert E.) Lee

Anthony
    $1200 6
Depeche Mode

Anthony
    $3,000 10
Carl Sagan

Sarah
    $1200 1
The Observer

Anthony
    $1200 11
a gymnasium

Anthony
    $1200 26
the Wolf spider

Anthony
    $1600 7
The Killers

Sarah
    $1600 22
Ted Nugent

Anthony
    $1600 17
(Tom: What is The Daily Star?)
[Initially accepted as correct; reversed after clue 22]

The Star

Tom
Triple Stumper
    $3,000 12
(Anthony: [No response])

an amnesty

Anthony
    $1600 27
the Trapdoor spider

Anthony
    $2000 20
Tom Waits

Tom
    $2000 23
Thomas Hardy

Triple Stumper
    $2000 18
The Oregonian

Tom
    $2000 13
(Alex: [*], Aphrodite, yes)

April

Anthony
    $2000 28
[Applause for Anthony's run of the category]
[The end-of-round signal sounds.]

the funnel-web spider (funnel spider accepted)

Anthony

Scores at the end of the Double Jeopardy! Round:

Tom Anthony Sarah
$9,800 $18,800 $10,800

[wagering suggestions for these scores]

Final Jeopardy! Round responses

LAW
TomWhat are patents?
$8,000
SarahWhat is witness protection?
$9,000
AnthonyWhat is habeas corpus?
$3,000
copyright

Final scores:

Tom Anthony Sarah
$1,800 $15,800 $1,800
3rd place: $1,000 New champion: $15,800 2nd place: $2,000

Game dynamics:

Coryat scores:

Tom Anthony Sarah
$9,800 $21,400 $9,000
15 R,
1 W
24 R
(including 1 DD),
3 W
(including 1 DD)
14 R
(including 1 DD),
0 W

Combined Coryat: $40,200

The J! Archive is created by fans, for fans. The Jeopardy! game show and all elements thereof, including but not limited to copyright and trademark thereto, are the property of Jeopardy Productions, Inc. and are protected under law. This website is not affiliated with, sponsored by, or operated by Jeopardy Productions, Inc. Join the discussion at JBoard.tv.